00623nam a22001817a 4500003000900000008004100009040007100050082001700121100002000138245003000158260003500188300002600223440002200249505012400271650002000395650001300415700001300428AR-CdUCM190306b ||||| |||| 00| 0 spa d aMUNICIPALIDAD PROVINCIAL DEL CUSCOcBIBLIOTECA MUNICIPAL DEL CUSCO a445.2 /bG91 aGuiraud, Pierre aSintaxis del francés /  aBarcelona :bOikos-Tau,c1971. a126 paginas ;c18 cm. a¿Qué sé?n56 aDefiniciones: base de una sintaxis estructural -- La palabra y las modalidades -- La proposición y las realidades ... aLengua francesa aSintaxis aArtis, A